色々な定数 - Statistics

General Stats
  • This quiz has been taken 209 times
  • The average score is 5 of 16
Answer Stats
定数の種類(文字) 数値 単位 % Correct
円周率(π) 3.14
99%
√2 1.41
98%
ネイピア数(e) 2.72
61%
アボガドロ定数(Na) 6.02 ×10²³[/mol]
45%
標準重力加速度 9.81 [m/s²]
42%
黄金比(Φ) 1.62
32%
気体定数(R) 8.31 [J/(K・mol)]
30%
真空中の光速(c) 3.00 ×10^8[m/s]
25%
標準大気圧(P0) ※6桁で 101325 [Pa]
14%
電気素量(e) 1.60 ×10^-19[C]
12%
プランク定数(h) 6.63 ×10^-34[J・s]
7%
万有引力定数(G) 6.67 ×10^-11[N・m²/kg²]
5%
ボルツマン定数(k) 1.38 ×10^-23[J/K]
4%
電子の質量(m) 9.11 ×10^-31[kg]
2%
真空の透磁率(μ0) 1.26 ×10^-6[N/A²]
1%
真空の誘電率(ε0) 8.85 ×10^-12[F/m]
1%
No matching quizzes found
Score Distribution
Percent of People with Each Score
Percentile by Number Answered
Your Score History
You have not taken this quiz